Acoes para a conservacao de tubaroes e raias no sul do Brasil

Збережено в:
Бібліографічні деталі
Автори: Vooren, Carolus Maria (Автор), Klippel, Sandro (Автор)
Формат: Книга
Мова:Португальська
Опубліковано: Porto Alegre Igaré 2005
Редагування:1a. ed
Предмети:
Теги: Додати тег
Немає тегів, Будьте першим, хто поставить тег для цього запису!

MARC

LEADER 00000cam a2200000 a 4500
001 UCC9553
003 CL-VaPUC
008 191004e20050000bl |||||||||||||||||por|d
020 |a 8599751018 
082 0 4 |a 639.231  |b VOO  |2 21 
100 0 |a Vooren, Carolus Maria  |e author  |9 604698 
700 0 |a Klippel, Sandro  |e author  |9 604699 
245 1 0 |a Acoes para a conservacao de tubaroes e raias no sul do Brasil 
250 |a 1a. ed 
300 |a 261 p 
942 |c BK 
945 |d 20191004 13:59:00  |a dcastane 
260 |a Porto Alegre  |b Igaré  |c 2005 
650 7 |a TIBURONES  |2 CL-VaPUC  |9 261869 
650 7 |a RAYAS  |2 CL-VaPUC  |9 533073 
583 |a last modification  |c 20191004 13:59:00  |k Rodrigo Vera 
999 |c 375733  |d 375731 
952 |0 0  |1 0  |3 erb  |4 0  |6 639_231000000000000_VOO_2005  |7 0  |8 CCM  |9 494752  |a BIBCUR  |b BIBCUR  |i 5603145  |o 639.231 VOO 2005  |p 5603145  |r 2025-04-22  |w 2019-11-24  |y BK  |z Catalogado en:20191004  |k CIM